Szczegóły MARC21

Póki mamy twarze : mit opowiedziany na nowo /

003 -Nazwa inst., której nr kontr. jest w polu 001 [,]
    • @
    • Nazwa instytucji, której n kontrolny jest w polu 001
    • NUKAT
005 -DATA I CZAS OSTATNIEJ MODYFIKACJI [,]
    • @
    • pole kontrolne
    • 20260122012752.0
020 -Międzynarod. znormalizowany nr książki - ISBN [ , ]
    • a
    • Numer ISBN
    • 8370016251 Find
    • q
    • Dopowiedzenie
    • opr. twarda
020 -Międzynarod. znormalizowany nr książki - ISBN [ , ]
    • a
    • Numer ISBN
    • 837001528X Find
    • q
    • Dopowiedzenie
    • opr. brosz.
040 -Instytucja sporządzająca opis [ , ]
    • a
    • Instytucja, która sporządziła opis (NP)
    • GD U/as
    • c
    • Instytucja, która sporządziła rekord (NP)
    • GD U/as
    • d
    • Instytucja, która zmodyfikowała rekord (P)
    • GD U/as
    • d
    • Instytucja, która zmodyfikowała rekord (P)
    • Ł U/JSs
041 -Język dokumentu [1, ]
    • a
    • Język tekstu (P)
    • polski
    • h
    • Język tekstu oryginalnego i/lub pośredniego (P)
    • angielski
942 -Rodzaj dokumentu [ , ]
    • c
    • Rodzaj dokumentu
    • Książka
100 -Hasło główne - nazwa osobowa [1, ]
    • a
    • Nazwa osobowa (NP)
    • Lewis, C. S.
    • d
    • Daty biograficzne (NP)
    • (1898-1963).
    • 9
    • KHW
    • 25969
245 -Strefa tytułu i oznaczenia odpowiedzialności [1,0]
    • a
    • Tytuł
    • Póki mamy twarze : Find
    • b
    • Ciąg dalszy tytułu (NP)
    • mit opowiedziany na nowo / Find
    • c
    • Pozostałe elementy strefy tytułu i oznaczenia odpowiedzialności (NP)
    • Clive Staples Lewis ; przeł. Łukasz Nicpan.
246 -Wariant tytułu [1, ]
    • i
    • Tekst wyświetlany na ekranie monitora (NP)
    • Tyt. oryg.:
    • a
    • Tytuł (NP)
    • Till we have faces
260 -Strefa adresu wydawniczego [ , ]
    • a
    • Miejsce wydania (P)
    • Warszawa :
    • b
    • Nazwa wydawcy (P)
    • Alfa,
    • c
    • Data wydania (P)
    • 1992.
300 -Strefa opisu fizycznego [ , ]
    • a
    • Określenie formy książki i/lub objętość (NP)
    • 296 s. ;
    • c
    • Format (NP)
    • 21 cm.
336 -Typ zawartości [ , ]
    • a
    • Termin opisujący typ zawartości
    • Tekst
    • b
    • Kod określający zawartość
    • txt
    • 2
    • Źródło (terminu i kodu)
    • rdacontent
337 -Typ mediów [ , ]
    • a
    • Tryb odtwarzania
    • Bez urządzenia pośredniczącego
    • b
    • Kod typu mediów
    • n
    • 2
    • Źródło (terminu i kodu)
    • rdamedia
338 -Typ/rodzaj nośnika [ , ]
    • a
    • Hasło opisujące typ nośnika
    • Wolumin
    • b
    • Kod typu nośnika
    • nc
    • 2
    • Źródło (terminu i kodu)
    • rdacarrier
380 -Deskryptor - Forma dzieła (P) [ , ]
    • a
    • forma dzieła (NP)
    • Książki
380 -Deskryptor - Forma dzieła (P) [ , ]
    • a
    • forma dzieła (NP)
    • Proza
386 -Deskryptor - przynależność kulturowa (P) [ , ]
    • m
    • Wyrażenie wprowadzające (NP)
    • Przynależność kulturowa
    • a
    • Przynależność kulturowa (NP)
    • Literatura angielska
388 -Deskryptor - czas powstania dzieła (P) [1, ]
    • a
    • Czas powstania dzieła (NP)
    • 1901-2000
388 -Deskryptor - czas powstania dzieła (P) [1, ]
    • a
    • Czas powstania dzieła (NP)
    • 1945-1989
490 -Strefa serii i książki wielotomowej - forma nie do wyszukiwania [1, ]
    • a
    • Tytuł (P)
    • Biblioteka Dzieł Wyborowych Tukan ; Find
    • v
    • Numeracja (P)
    • 5
830 -Hasło dodatkowe serii i opisu książki wielotomowej - tytuł ujednolicony/tytuł [ ,0]
    • a
    • Tytuł ujednolicony/tytuł (NP)
    • Biblioteka Dzieł Wyborowych Tukan
    • v
    • Oznaczenie tomu (NP)
    • 5
    • 9
    • KHW
    • 539793
080 -Uniwersalna Klasyfikacja Dziesiętna [ , ]
    • a
    • Symbol klasyfikacji
    • 820-31
600 -Hasło przedmiotowe w formie nazwy osobowej [0,7]
    • a
    • Nazwa osobowa
    • Psyche
    • c
    • Dopowiedzenie
    • (bóstwo)
    • 2
    • Źródło terminu
    • DBN
    • 9
    • KHW
    • 738900
650 -Hasło przedmiotowe [ ,7]
    • a
    • Hasło przedmiotowe
    • Bóstwa
    • 2
    • Źródło terminu
    • DBN
    • 9
    • KHW
    • 738902
650 -Hasło przedmiotowe [ ,7]
    • a
    • Hasło przedmiotowe
    • Mitologia grecka
    • 2
    • Źródło terminu
    • DBN
    • 9
    • KHW
    • 730164
650 -Hasło przedmiotowe [ ,7]
    • a
    • Hasło przedmiotowe
    • Rodzeństwo
    • 2
    • Źródło terminu
    • DBN
    • 9
    • KHW
    • 725307
650 -Hasło przedmiotowe [ ,7]
    • a
    • Hasło przedmiotowe
    • Władcy i władczynie
    • 2
    • Źródło terminu
    • DBN
    • 9
    • KHW
    • 722731
655 -Hasło w funkcji tematu formalnego [ ,7]
    • a
    • Hasło
    • Fantasy
    • 2
    • Źródło terminu
    • DBN
    • 9
    • KHW
    • 731048
655 -Hasło w funkcji tematu formalnego [ ,7]
    • a
    • Hasło
    • Powieść
    • 2
    • Źródło terminu
    • DBN
    • 9
    • KHW
    • 720932
655 -Hasło w funkcji tematu formalnego [ ,7]
    • a
    • Hasło
    • Powieść fantastyczna angielska
    • y
    • Określnik chronologiczny
    • 1945-
    • v
    • Określnik formy
    • tłumaczenia polskie.
    • 2
    • Źródło terminu
    • kaba
    • 9
    • KHW
    • 738864
980 -Symbol UKD [ , ]
    • a
    • UKD
    • 820-31
700 -Hasło dodatkowe - nazwa osobowa [1, ]
    • a
    • Nazwa osobowa (NP)
    • Nicpan, Łukasz Find
    • d
    • Daty biograficzne (NP)
    • (1950- ).
    • e
    • Określenie rodzaju współpracy
    • Tł.
    • 9
    • KHW
    • 97400
710 -Hasło dodatkowe - nazwa ciała zbiorowego [2, ]
    • a
    • Nazwa ciała zbiorowego lub nazwa geograficzna jako pierwszy element (NP)
    • Wydawnictwa Normalizacyjne Alfa.
    • 4
    • Kod relacji
    • pbl
    • 9
    • KHW
    • 74680
920 -ISBN [ , ]
    • a
    • ISBN
    • 83-7001-625-1 Find
    • q
    • Dopowiedzenie
    • opr. twarda
920 -ISBN [ , ]
    • a
    • ISBN
    • 83-7001-528-X Find
    • q
    • Dopowiedzenie
    • opr. brosz.
Numer inwentarzowy Status udost. Lokalizacja Data inwentaryzacji
JK.3361BG2002-12-09